000 00690nam a2200217Ia 4500
003 GCL
008 140319s9999 xx 000 0 ara d
040 _aGCL /
_cGCL
082 0 4 _a347
_bم م
100 1 _aمحمد عبدالظاهر حسين
245 1 0 _aالمسئولية المدنية للمحامى تجاة العميل /
_cمحمد عبدالظاهر حسين
260 _a[S.N] :
_bدار النهضة العربية ،
_c1993
300 _a493 ص
490 _a
650 0 4 _aالقانون
650 0 4 _aالقانون المدنى
650 0 4 _aالالتزامات
650 0 4 _aالمحامون
650 0 4 _aالمسئولية المدنية
942 _2ddc
_cBK
999 _c55023
_d55023